Statistics for US States without Metro Areas

Click here to take the quiz!

General Stats

  • This quiz has been taken 65 times
  • The average score is 8 of 9

Answer Stats

Answer% Correct
Maine
97%
Wyoming
97%
New Hampshire
95%
North Dakota
95%
Alaska
93%
South Dakota
93%
Vermont
93%
Montana
92%
West Virginia
79%

Score Distribution

Percentile by Number Answered

Percent of People with Each Score

Your Score History

You have not taken this quiz